| 000 | 00477nmm a2200205 a 4500 | ||
|---|---|---|---|
| 003 | AR-BaBNM | ||
| 005 | 20251128205128.0 | ||
| 008 | 036119s1969 ||||||||||||||000 | spa|| | ||
| 040 | _cAR-BaBNM | ||
| 100 | 1 | _aPhilipe, Anne | |
| 245 | 1 | 0 | _aLe temps d'un soupir |
| 260 |
_aParis _bLe livre de pocche _c1969 |
||
| 300 | 0 | _a159 p. | |
| 650 | 4 | _aAUTOBIOGRAFIAS | |
| 650 | 4 | _aNOVELAS | |
| 653 | _aLITERATURA BELGA | ||
| 655 | _aLITERATURA | ||
| 942 | _cBK | ||
| 998 | _cisola | ||
| 999 |
_c10101 _d10101 |
||